000 00578nam a22001931a 4500
001 10475
003 OSt
005 20260204212201.0
008 090311s2009||||dr ||||||b||||||||||spa||
050 _aRD 972.9367 P583c
100 _aPichardo Cruz, Daniel Nicanor
245 _aCartilla Duartiana: lectura de la patria: el día de Duarte 26 de enero / Daniel Nicanor Pichardo Cruz
250 _a2
264 _aSanto Domingo : Alfa y Omega
300 _a15 p
490 _aLectura de la Patria No.2
650 _aDuarte - Historia de la República Dom.Ì
942 _2ddc
_cBK
999 _c10475
_d10475